MARC details
| 000 -CABECERA |
| campo de control de longitud fija |
00937cam a2200253 a 4500 |
| 001 - NÚMERO DE CONTROL |
| campo de control |
000024953 |
| 005 - FECHA Y HORA DE LA ÚLTIMA TRANSACCIÓN |
| campo de control |
20200930023454.0 |
| 008 - DATOS DE LONGITUD FIJA--INFORMACIÓN GENERAL |
| campo de control de longitud fija |
901219s1970 ec 000 | spa d |
| 040 ## - FUENTE DE LA CATALOGACIÓN |
| Centro catalogador/agencia de origen |
DO-SdBNP |
| Lengua de catalogación |
spa |
| Centro/agencia transcriptor |
BNPHU |
| 082 ## - NÚMERO DE LA CLASIFICACIÓN DECIMAL DEWEY |
| Número de clasificación |
207 |
| Número de documento/Ítem |
M691a |
| 049 ## - FONDOS LOCALES (OCLC) |
| Fondos de biblioteca |
BNGR |
| 100 1# - ENTRADA PRINCIPAL--NOMBRE DE PERSONA |
| Nombre de persona |
Espejo, Eugenio, |
| Fechas asociadas al nombre |
1747-1795 |
| Forma completa/desarrollada del nombre |
Javier Eugenio Santa Cruz y Espejo |
| 9 (RLIN) |
51214 |
| 245 13 - MENCIÓN DE TÍTULO |
| Título |
El nuevo Luciano de Quito / |
| Mención de responsabilidad, etc. |
Eugenio Espejo ; introducción Hernán Rodríguez Castelo. |
| 260 ## - PUBLICACIÓN, DISTRIBUCIÓN, ETC. |
| Lugar de publicación, distribución, etc. |
Quito, (Ecuador) : |
| Nombre del editor, distribuidor, etc. |
Publicaciones Educativas "Ariel", |
| Fecha de publicación, distribución, etc. |
1970. |
| 300 ## - DESCRIPCIÓN FÍSICA |
| Extensión |
2 v. ; |
| Dimensiones |
18 cm. |
| 490 1# - MENCIÓN DE SERIE |
| Mención de serie |
Clásicos Ariel |
| Designación de volumen o secuencia |
73 |
| 490 1# - MENCIÓN DE SERIE |
| Mención de serie |
Biblioteca de Autores Ecuatorianos |
| 500 ## - NOTA GENERAL |
| Nota general |
La biblioteca posee el volumen 2 |
| 650 #4 - PUNTO DE ACCESO ADICIONAL DE MATERIA--TÉRMINO DE MATERIA |
| Término de materia o nombre geográfico como elemento de entrada |
Teología dogmática |
| 9 (RLIN) |
3542 |
| 650 #4 - PUNTO DE ACCESO ADICIONAL DE MATERIA--TÉRMINO DE MATERIA |
| Término de materia o nombre geográfico como elemento de entrada |
Virgen maría |
| 9 (RLIN) |
5158 |
| 650 #4 - PUNTO DE ACCESO ADICIONAL DE MATERIA--TÉRMINO DE MATERIA |
| Término de materia o nombre geográfico como elemento de entrada |
Sectas medievales |
| 9 (RLIN) |
51215 |
| 700 1# - PUNTO DE ACCESO ADICIONAL--NOMBRE DE PERSONA |
| Nombre de persona |
Rodríguez Castelo, Hernán |
| Término indicativo de función/relación |
intr. |
| 9 (RLIN) |
4689 |
| 830 #0 - PUNTO DE ACCESO ADICIONAL DE SERIE-TÍTULO UNIFORME |
| Título uniforme |
Clásicos Ariel, |
| Nombre de parte o sección de la obra |
Biblioteca de Autores Ecuatorianos, |
| Designación de volumen o secuencia |
73 |
| 9 (RLIN) |
41875 |